Cálculo de costos de producción en una industria procesadora de oleaginosas
El presente trabajo de tesis, presenta inicialmente, una breve exposición de los diversos sistemas de determinación de costos que pueden aplicarse en los diferentes tipos de industrias que se conocen, con el fin de indicar y desarrollar, posteriormente, un método para el cálculo de costos de pro...
| Main Author: | |
|---|---|
| Other Authors: | |
| Format: | Tesis Section = Libro |
| Language: | Undetermined Spanish |
| Published: |
Guatemala
UNI
1979
|
| Subjects: |
| LEADER | 01243nam a2200229Ia 4500 | ||
|---|---|---|---|
| 008 | 240830s9999 xx 000 0 und d | ||
| 040 | |a BIBLIOTECA-RUSB/ Mon 338.67281 A696 | ||
| 041 | |a spa | ||
| 082 | |a Mon 338.67281 A696 | ||
| 100 | 1 | |a Arias Barrios, Rene Filiberto | |
| 245 | 1 | 0 | |a Cálculo de costos de producción en una industria procesadora de oleaginosas |
| 260 | |a Guatemala |b UNI |c 1979 | ||
| 300 | |a 39 p. :il. | ||
| 502 | |a Tesis (Ingeniero Químico) - UNI, 1979. | ||
| 520 | 3 | |a El presente trabajo de tesis, presenta inicialmente, una breve exposición de los diversos sistemas de determinación de costos que pueden aplicarse en los diferentes tipos de industrias que se conocen, con el fin de indicar y desarrollar, posteriormente, un método para el cálculo de costos de producción en una industria extractora de aceite de semilla de algodón, de la cual se describen los sistemas de operación empleados y se presenta un diagrama de flujo del método más frecuente en Guatemala. | |
| 650 | 7 | |a ORGANIZACIÓN DE LA PRODUCCIÓN - INDUSTRIAS | |
| 650 | 7 | |b INDUSTRIAS OLEAGINOSAS - GUATEMALA | |
| 650 | 7 | |c QUÍMICA INDUSTRIAL | |
| 700 | 1 | |a Tutor: |b Mirón, Danilo | |
| 942 | |c BK |2 ddc | ||
| 991 | |a TESIS | ||
| 999 | |c 19924 | ||